000 01116nam a2200217Ia 4500
001 11179
003 GE_BSU
008 181216s||||||||xx |||||||||||||| ||und||
040 _cGE_BSU
080 _a63:551.5(075.8)+63:557.58(075.8)
100 _aკელენჯერიძე კ.ბ.
245 _aსასოფლო-სამეურნეო მეტეოროლოგიისა და კლიმატოლოგიის პრაქტიკული სახელმძღვანელო
245 _cრედ. კ.ბ. კელენჯერიძე
260 _aთბილისი.
260 _bშრომის წითელი დროშის ორდენის საქ. სას.-სამ. ინ-ტის გამ-ბა
260 _c1958
300 _a225გვ.24სმ.
300 _eდიაგრ.
653 _aსასოფლო-სამეურნეო მეტეოროლოგიისა და კლიმატოლოგიის პრაქტიკული სახელმძღვანელო
942 _cBK
999 _c44413
_d44413